000 00738nam a2200241 a 4500
001 BRCA_7017
005 20190320205659.0
008 251111s1853----enka######---#000-0#eng-#
041 _aeng
044 _aenk
050 4 _aPR4809.H3
_b.S7 1853
100 1 _aHowitt, William
_d1792-1879.
_917457
245 1 0 _aStories of English and foreign life.
_cBy William and Mary Howitt.
260 _aLondres
_bHenry G. Bohn
_c1853
300 _a496 p.
_bil., 20 láminas
_c19 cm.
500 _aEdición con cantos dorados
500 _aCon ex-Libris de: William Hartmann Woodin
500 _aO26
650 1 4 _aVida cotidiana.
_zInglaterra
_917458
700 1 _aHowitt, Mary Botham
_d1799-1888
_eAutor.
_917459
902 _aGFM
942 _2lcc
_cB
999 _c6698
_d6698